000 00727nam a22002057a 4500
999 _c4208
_d4208
005 20251125232752.0
008 s2537 th tha d
040 _aNALT
041 _atha
050 _aJQ1745.A5 ฉ412ป 2537
100 0 _aเฉลิมเกียรติ ผิวนวล
245 1 0 _aประชาธิปไตย : ความยุติธรรม และอำนาจ
260 3 _aกรุงเทพฯ :
_bสมิต,
_c2537
300 _a119 หน้า ;
_b 18 ซม.
650 0 4 _aความยุติธรรม
650 0 4 _aประชาธิปไตย
850 _aNALT
856 4 0 _uhttps://hdl.handle.net/20.500.14156/337710
_71
942 _cGB
_2lcc